01418nam a2200313 a 450000100100000000500170001000800410002702000260006802000240009404000250011808200150014310000300015824501950018826000530038330000320043649000100046850500270047859000260050570000280053170000470055970000340060670000340064071000600067483000170073495201140075195201080086595201140097399900170108700004794220201002060823.0150130s2016 dr abc 000 0 spa d a9789945 595819 (v. 1) a9789945599657 (v.2) aDO-SdBNPbspacBNPHU axxxxbxxxx1 aRosa, Dolore de la97487110aMatemática 5 :bquinto grado, segundo ciclo educación primaria /cMartha Escaño, Dolore de la Rosa Juan Antonio Manzueta Concepción ; ilustraciones Ramón Sandoval, Osvaldo Flowers. aSanto Domingo :bActualidad Escolar 2000,c2016. av. :bil., retrs. ;c22 cm.1 aVeraz av. 1 ;tLibro de texto aInventariado, 2018/VM1 aEscaño, Martha9584861 aManzueta Concepción, Juan Antonio9748721 aSandoval, Ramóneil.9109551 aFlowers, Osvaldoeil..9748732 aActualidad Escolar 2000,(República Dominicana)973571 0aVeraz974848 0011718PDaGRbGRcMId2018-10-05iLF1l0ov. 1, e. 3p47942-30r2020-06-25w2020-06-25yLFPDZNo se presta 0010718PDaPDbPDcHDd2018-10-05iLF1l0ov. 1p47942-10r2020-06-25w2020-06-25yLFPDZNo se presta 0010718PDaPDbPDcHDd2018-10-05iLF1l0ov. 1, e. 2p47942-20r2020-06-25w2020-06-25yLFPDZNo se presta c47430d47430